Sousse : les monuments musulmans /

محفوظ في:

المؤلف الرئيسي: Lézine, Alexandre (مؤلف)

التنسيق: كتاب

اللغة: French

منشور في: Tunis : Editions Cérès productions, [197-?]

سلاسل: Collection art et histoire.

الموضوعات:

الوسوم: إضافة وسم

لا توجد وسوم, كن أول من يضع وسما على هذه التسجيلة!

رقم الطلب: DT269 .S8 L48

LEADER 00717nam a22002177a 4500
003 OSt
005 20260420171643.0
008 260420q19701979ti af 000 0 fre d
040 |c ARCE Library 
050 1 4 |a DT269 .S8  |b L48 
100 1 |a Lézine, Alexandre,  |e author  |9 34756 
245 1 0 |a Sousse :  |b les monuments musulmans /  |c Alexandre Lézine. 
264 1 |a Tunis :  |b Editions Cérès productions,  |c [197-?] 
300 |a 63 pages, [53] pages of plates :  |b illustrations ;  |c 21 cm. 
490 0 |a Collection art et histoire. 
650 0 |a Architecture  |z Tunisia  |z Sūsah. 
650 0 |a Islamic architecture  |z Tunisia  |z Sūsah. 
651 0 |a Sūsah (Tunisia)   |x Antiquities. 
901 |a reviewed 
942 |c BK  |2 lcc 
999 |c 14967  |d 14967